Normal view MARC view
  • Evard, Marguerite

Entry Nombre Personal

Number of records used in: 1

001 - NUMERO DE CONTROL

  • campo de control: 53805

003 - IDENTIFICADOR DE NUMERO DE CONTROL

  • campo de control: DLC

005 - FECHA Y HORA DE LA ÜLTIMA TRANSACCIÓN

  • campo de control: 20241002093847.0

008 - DATOS DE LONGITUD FIJA

  • campo de control de longitud fija: 241002|| aca||aabn | a|a d

010 ## - NÚMERO DE CONTROL DE LA BIBLIOTECA DEL CONGRESO

  • Número de control LC: no2011165804

035 ## - NUMERO DE CONTROL

  • Número de control: (OCoLC)oca09016763

040 ## - FUENTE DE CATALOGACIÓN

  • Agencia original de catalogación: UkCU
  • Lenguaje de catalogación: spa
  • Agencia de transcripción: UkCU
  • Agencia que lo modifica: MX-MxUPN

100 1# - ENCABEZAMIENTO - NOMBRE PERSONAL

  • Nombre personal: Evard, Marguerite

670 ## - FUENTE EN LA QUE SE LOCALIZARON DATOS

  • Cita de la fuente: Autoridades LC, 02 octubre 2024 :
  • Información localizada: (Evard, Marguerite)
  • Uniform Resource Identifier: https://lccn.loc.gov/no2011165804

902 ## - CATALOGADOR

  • Catalogador: MaríaRobles/021024